00798nam a22002297a 45000010005000000030006000050050017000110080041000280200018000690400049000870500017001360820008001531000020001612450042001812600047002233000063002705050007003335200156003405210027004965210018005236500027005417918FISKH20250814082555.0250814b cb ||||| |||| 00| 0 eng d a9780399252761 aFISKHbengcFISKHdFISKH458 LCC PZ7.H78755 P aPZ7.H78755 P a458 aHorowitz, Dave  aPretty, pretty bunny /cDave Horowitz aNew York : bPenguin Young Reader, c2011. a30 unnumbered pages : bcolor illustrations ; c24 x 28 cm aE  aA pretty rabbit, Narcissa, makes fun of any creature that is not as lovely as herself until she offends a magic frog and finds her own beauty changing.8 a160 bLexile estimate 8 aE bRaz-Plus  aPicture BookvBullying